<?xml version="1.0" encoding="UTF-8"?>
<collection xmlns:xsi="http://www.w3.org/2001/XMLSchema-instance" xsi:schemaLocation="http://www.loc.gov/MARC21/slim http://www.loc.gov/standards/marcxml/schema/MARC21slim.xsd" xmlns="http://www.loc.gov/MARC21/slim">
 <record>
  <leader>00000ctm a22000004a 4500</leader>
  <controlfield tag="001">UP-99796217611255523</controlfield>
  <controlfield tag="003">Buklod</controlfield>
  <controlfield tag="005">20140509130855.0</controlfield>
  <controlfield tag="006">m    |o  d |      </controlfield>
  <controlfield tag="007">ta</controlfield>
  <controlfield tag="008">140509s2014    xx     d     r    |||| u|</controlfield>
  <datafield tag="035" ind1=" " ind2=" ">
   <subfield code="a">(iLib)UPD-00216804416</subfield>
  </datafield>
  <datafield tag="040" ind1=" " ind2=" ">
   <subfield code="a">DENG</subfield>
   <subfield code="e">rda</subfield>
  </datafield>
  <datafield tag="041" ind1=" " ind2=" ">
   <subfield code="a">eng</subfield>
  </datafield>
  <datafield tag="042" ind1=" " ind2=" ">
   <subfield code="a">DMLUC</subfield>
  </datafield>
  <datafield tag="090" ind1=" " ind2=" ">
   <subfield code="a">LG 995 2014 E653</subfield>
   <subfield code="b">R58</subfield>
  </datafield>
  <datafield tag="100" ind1="1" ind2=" ">
   <subfield code="a">Rivera, Kim Katrina P.</subfield>
   <subfield code="e">author.</subfield>
  </datafield>
  <datafield tag="245" ind1="1" ind2="0">
   <subfield code="a">Alachlor removal over Fe-TiO2 loaded on granular activated carbon support under UV and visible light irradiation</subfield>
   <subfield code="c">by Kim Katrina P. Rivera.</subfield>
  </datafield>
  <datafield tag="264" ind1=" " ind2="1">
   <subfield code="a">Quezon City</subfield>
   <subfield code="b">College of Engineering, University of the Philippines Diliman</subfield>
   <subfield code="c">2014</subfield>
  </datafield>
  <datafield tag="300" ind1=" " ind2=" ">
   <subfield code="a">ix, 64 leaves</subfield>
   <subfield code="b">illustrations</subfield>
   <subfield code="c">28 cm</subfield>
  </datafield>
  <datafield tag="336" ind1=" " ind2=" ">
   <subfield code="a">text</subfield>
   <subfield code="2">rdacontent</subfield>
  </datafield>
  <datafield tag="337" ind1=" " ind2=" ">
   <subfield code="a">unmediated</subfield>
   <subfield code="2">rdamedia</subfield>
  </datafield>
  <datafield tag="338" ind1=" " ind2=" ">
   <subfield code="a">volume</subfield>
   <subfield code="2">rdacarrier</subfield>
  </datafield>
  <datafield tag="502" ind1=" " ind2=" ">
   <subfield code="a">Thesis (M.S. Environmental Engineering)--University of the Philippines, Diliman.</subfield>
  </datafield>
  <datafield tag="506" ind1=" " ind2=" ">
   <subfield code="a">Available to the general public.</subfield>
  </datafield>
  <datafield tag="520" ind1=" " ind2=" ">
   <subfield code="a">Alachlor is a recalcitrant carcinogenic contaminant that may easily spread in water source due to its wide usage as an herbicide. The aim of this study is to synthesize Fe-TiO2 on granular activated carbon (GAC) support via hydrothermal method for the photodegradation of alachlor under ultraviolet and visible light irradiation. The effects of Fe-TiO2 loading, initial alachlor concentration, and initial solution pH were determined using Box-Behnken Design (BBD). X-ray diffraction (XRD) analysis of Fe-TiO2-GAC samples showed anatase TiO2 peaks as well as the graphite peak from carbon. Scanning electron microscope (SEM) images verified that Fe-TiO2 was immobilized onto the GAC. In UV photocatalysis, the interaction between Fe-TiO2 loading and initial  alachlor concentration is significant wherein low Fe-TiO2 loading and 50 ppm initial alachlor concentration increased  the removal efficiency. In visible light photocatalysis low Fe-TiO2 loading and initial alachlor concentrations of 30 and 70 ppm are significant. The interactions of the initial solution pH with Fe-TiO2 loading and initial alachlor concentration are also significant in which low solution pH increased alachlor removal for low Fe-TiO2 loading and low initial concentration. The highest alachlor removal percentages obtained were 99.74% and 99.96% under UV and visible light irradiation, respectively.</subfield>
  </datafield>
  <datafield tag="650" ind1=" " ind2="0">
   <subfield code="a">Alachlor.</subfield>
  </datafield>
  <datafield tag="650" ind1=" " ind2="0">
   <subfield code="a">Carbon, Activated.</subfield>
  </datafield>
  <datafield tag="650" ind1=" " ind2="0">
   <subfield code="a">Herbicides</subfield>
   <subfield code="x">Biodegradation.</subfield>
  </datafield>
  <datafield tag="905" ind1=" " ind2=" ">
   <subfield code="a">FI</subfield>
  </datafield>
  <datafield tag="905" ind1=" " ind2=" ">
   <subfield code="a">UP</subfield>
  </datafield>
  <datafield tag="852" ind1="0" ind2=" ">
   <subfield code="a">UPD</subfield>
   <subfield code="b">DARCHIVES</subfield>
   <subfield code="h">LG 995 2014 E653</subfield>
   <subfield code="i">R58</subfield>
  </datafield>
  <datafield tag="852" ind1="0" ind2=" ">
   <subfield code="a">UPD</subfield>
   <subfield code="b">DENG-II</subfield>
   <subfield code="h">LG 995 2014 E653</subfield>
   <subfield code="i">R58</subfield>
  </datafield>
  <datafield tag="942" ind1=" " ind2=" ">
   <subfield code="a">Thesis</subfield>
  </datafield>
 </record>
</collection>
